| 000 | 00435nam a2200157Ia 4500 | ||
|---|---|---|---|
| 008 | 230312s9999||||xx |||||||||||||| ||und|| | ||
| 020 | _a0-81-203-0981-2 | ||
| 082 |
_a658 _bSTO |
||
| 100 | _aStoner James A F | ||
| 245 | 0 | _aManagement | |
| 260 |
_bPrentice-hall _aIndia _c1998 |
||
| 300 | _a630 | ||
| 546 | _aEng. | ||
| 650 |
_aManagement _vintroduction to management,anagement in twenty-frist century,planning,organizing |
||
| 942 | _cBK | ||
| 999 |
_c1043 _d1043 |
||